Para ser educador en el siglo XXI : Un enfoque del currículo como proceso integral - global / José Ramiro Galeano Londoño (Registro nro. 42712)
[ vista simple ]
| 000 -LÍDER | |
|---|---|
| Campo fijo de descripción fija | 008550000a22001930004500 |
| 020 ## - NÚMERO INTERNACIONAL NORMALIZADO PARA LIBROS | |
| Número Internacional Normalizado del libro | 958-655-375-2 |
| 041 0# - CÓDIGO DE IDIOMA | |
| Código de idioma para texto/pista de sonido o título separado | |
| 082 04 - NÚMERO DE CLASIFICACIÓN DECIMAL DEWEY | |
| Número de clasificación | G 378 G152p |
| 001 - NÚMERO DE CONTROL | |
| Campo de control | 13768 |
| 100 1# - ASIENTO PRINCIPAL--NOMBRE PERSONAL | |
| Nombre personal | Galeano Londoño, José Ramiro |
| 245 10 - TÍTULO | |
| Título del Material | Para ser educador en el siglo XXI : Un enfoque del currículo como proceso integral - global / José Ramiro Galeano Londoño |
| 260 ## - PUBLICACIÓN, DISTRIBUCIÓN, ETC. (PIE DE IMPRENTA) | |
| Lugar de publicación, distribución, etc. | Medellín : Univ. de Antioquia |
| 300 ## - DESCRIPCIÓN FÍSICA | |
| Extensión | 305 Pág. |
| 336 ## - CONTENT TYPE | |
| Content type term | texto |
| Content type code | txt |
| Source | rdacontent |
| 337 ## - MEDIA TYPE | |
| Source | rdamedia |
| Media type term | sin mediación |
| Media type code | n |
| 338 ## - CARRIER TYPE | |
| Source | rdacarrier |
| Carrier type term | volumen |
| Carrier type code | nc |
| 505 00 - NOTA DE CONTENIDO | |
| Nota de contenido con formato preestablecido | - Educabilidad: el "logos" de la educación - Enseñabilidad: interfecundación campo pedagógico y campo curricular - La transición del currículo tradicional, técnico y tecnológico al currículo práctico, problematizador e investigativo: historia, teoría y gestión curricular |
| 942 ## - TIPO DE MATERIAL (KOHA) | |
| Tipo de Item KOHA | Libros General |
| Estado de Material | Estado de Perdido | Estado de Dañado | No para Préstamo | Colección | Tomo | Biblioteca de Origen | Biblioteca Permanente | Fecha de Adquisición | Total de Préstamos | Signatura Topográfica | Código de Barras | Última vez visto | Ejemplar/Existencia | Fecha de Remplazo | Tipo de Material |
|---|---|---|---|---|---|---|---|---|---|---|---|---|---|---|---|
| Colección General | Biblioteca FUSBC | Biblioteca FUSBC | 22/05/2006 | G 378 G152p | 16022 | 12/12/2019 | 1 | 26/01/2016 | Libros General |
